Mart for the Pharmacy Technician : Concepts and Calculations

Guardat en:
Dades bibliogràfiques
Autor principal:  Egler, Lynn M
Format: Sách
Idioma:Undetermined
Publicat:  The McGraw-Hill  2010
Matèries:
Etiquetes: Afegir etiqueta
Sense etiquetes, Sigues el primer a etiquetar aquest registre!
Thư viện lưu trữ: Trung tâm Thư viện - Trường Đại học Công nghiệp TP. Hồ Chí Minh
LEADER 00511nam a2200157Ia 4500
001 UIH_06808
008 231011s9999 xx 000 0 und d
082 |a  615 
100 |a  Egler, Lynn M 
245 0 |a  Mart for the Pharmacy Technician : Concepts and Calculations 
245 0 |c  Egler, Lynn M 
260 |b  The McGraw-Hill 
260 |c  2010 
650 |a  Kỹ thuật viên dược;  
927 |a Sách 
980 |a Trung tâm Thư viện - Trường Đại học Công nghiệp TP. Hồ Chí Minh